The non-designer's scan and print book : (Record no. 34057)

MARC details
000 -LEADER
fixed length control field 01258cam a2200337 a 4500
001 - CONTROL NUMBER
control field 238960
003 - CONTROL NUMBER IDENTIFIER
control field OSt
005 - DATE AND TIME OF LATEST TRANSACTION
control field 20220331132545.0
008 - FIXED-LENGTH DATA ELEMENTS--GENERAL INFORMATION
fixed length control field 990212s1999 caua 001 0 eng d
010 ## - LIBRARY OF CONGRESS CONTROL NUMBER
LC control number 99211201
020 ## - INTERNATIONAL STANDARD BOOK NUMBER
International Standard Book Number 0201353946 (pbk.) :
Terms of availability $24.99 ($37.50 Can.)
035 ## - SYSTEM CONTROL NUMBER
System control number (DLC) 99211201
035 ## - SYSTEM CONTROL NUMBER
System control number (OCoLC)40782171
040 ## - CATALOGING SOURCE
Original cataloging agency WaMaS
Transcribing agency HU
Modifying agency NBuBE
-- DLC
042 ## - AUTHENTICATION CODE
Authentication code lccopycat
050 00 - LIBRARY OF CONGRESS CALL NUMBER
Classification number Z257
Item number .C74 1999
082 00 - DEWEY DECIMAL CLASSIFICATION NUMBER
Classification number 686.2/252 COH1999
Edition number 21
100 1# - MAIN ENTRY--PERSONAL NAME
Personal name Cohen, Sandee,
Dates associated with a name 1948-
9 (RLIN) 34832
245 14 - TITLE STATEMENT
Title The non-designer's scan and print book :
Remainder of title all you need to know about production and prepress to get great-looking pages /
Statement of responsibility, etc. Sandee Cohen and Robin Williams.
260 ## - PUBLICATION, DISTRIBUTION, ETC.
Place of publication, distribution, etc. Berkeley, Calif. :
Name of publisher, distributor, etc. Peachpit Press,
Date of publication, distribution, etc. c1999.
300 ## - PHYSICAL DESCRIPTION
Extent xvi, 263 p. :
Other physical details ill. ;
Dimensions 28 cm.
500 ## - GENERAL NOTE
General note Includes index.
650 #0 - SUBJECT ADDED ENTRY--TOPICAL TERM
Topical term or geographic name entry element Pictures
General subdivision Printing
-- Data processing.
9 (RLIN) 34833
650 #0 - SUBJECT ADDED ENTRY--TOPICAL TERM
Topical term or geographic name entry element Color printing
General subdivision Data processing.
9 (RLIN) 34834
650 #0 - SUBJECT ADDED ENTRY--TOPICAL TERM
Topical term or geographic name entry element Desktop publishing.
9 (RLIN) 34835
700 1# - ADDED ENTRY--PERSONAL NAME
Personal name Williams, Robin,
Dates associated with a name 1953-
9 (RLIN) 34836
906 ## - LOCAL DATA ELEMENT F, LDF (RLIN)
a 7
b cbc
c copycat
d 2
e ncip
f 19
g y-gencatlg
942 ## - ADDED ENTRY ELEMENTS (KOHA)
Source of classification or shelving scheme Dewey Decimal Classification
Koha item type Books like text book referance book
Suppress in OPAC No
Holdings
Withdrawn status Lost status Source of classification or shelving scheme Damaged status Not for loan Collection code Home library Current library Shelving location Date acquired Total Checkouts Full call number Barcode Date last seen Copy number Price effective from Koha item type
    Dewey Decimal Classification     Reference Wondo Genet Library Wondo Genet Library General Stacks 03/31/2022   686.2/252 COH1999 WGCFNRL00014196 03/31/2022 1 03/31/2022 Books like text book referance book